Czechoslovakia and Japan economic technological cooperation

שמור ב:
מידע ביבליוגרפי
פורמט: ספר
שפה:Undetermined
יצא לאור: Tokyo Takeda Riken Industry Co., Ltd. 1985
נושאים:
תגים: הוספת תג
אין תגיות, היה/י הראשונ/ה לתייג את הרשומה!
Thư viện lưu trữ: Trung tâm Học liệu Trường Đại học Cần Thơ
LEADER 00468nam a2200157Ia 4500
001 CTU_82483
008 210402s9999 xx 000 0 und d
082 |a 338.9 
082 |b C998 
245 0 |a Czechoslovakia and Japan economic technological cooperation 
260 |a Tokyo 
260 |b Takeda Riken Industry Co., Ltd. 
260 |c 1985 
650 |a Economic development,Industry 
904 |i Truc, QHieu 
980 |a Trung tâm Học liệu Trường Đại học Cần Thơ